The Unstable bladder / (Record no. 5069)

MARC details
000 -LEADER
fixed length control field 01025pam a2200289 a 4500
001 - CONTROL NUMBER
control field 2436255
003 - CONTROL NUMBER IDENTIFIER
control field OSt
005 - DATE AND TIME OF LATEST TRANSACTION
control field 20160822184007.0
008 - FIXED-LENGTH DATA ELEMENTS--GENERAL INFORMATION
fixed length control field 880901s1989 enka b 101 0 eng c
010 ## - LIBRARY OF CONGRESS CONTROL NUMBER
LC control number 88007431
020 ## - INTERNATIONAL STANDARD BOOK NUMBER
International Standard Book Number 0723614393 :
Terms of availability �15.00
040 ## - CATALOGING SOURCE
Original cataloging agency DNLM/DLC
Transcribing agency DLC
Modifying agency DLC
082 ## - DEWEY DECIMAL CLASSIFICATION NUMBER
Classification number WJ 500
Item number U59 1989
245 04 - TITLE STATEMENT
Title The Unstable bladder /
Statement of responsibility, etc. edited by Robert M. Freeman, John Malvern ; with 16 specialist contributors.
260 ## - PUBLICATION, DISTRIBUTION, ETC. (IMPRINT)
Place of publication, distribution, etc. London ;
-- Boston :
Name of publisher, distributor, etc. Wright,
Date of publication, distribution, etc. 1989.
300 ## - PHYSICAL DESCRIPTION
Extent xi, 156 p. :
Other physical details ill. ;
Dimensions 24 cm.
500 ## - GENERAL NOTE
General note Based on a symposium held in London in 1986.
504 ## - BIBLIOGRAPHY, ETC. NOTE
Bibliography, etc Includes bibliographies and index.
650 #0 - SUBJECT ADDED ENTRY--TOPICAL TERM
Topical term or geographic name as entry element Urinary incontinence
General subdivision Congresses.
9 (RLIN) 10878
650 #0 - SUBJECT ADDED ENTRY--TOPICAL TERM
Topical term or geographic name as entry element Bladder
General subdivision Diseases
-- Congresses.
9 (RLIN) 10879
650 #2 - SUBJECT ADDED ENTRY--TOPICAL TERM
Topical term or geographic name as entry element Bladder
General subdivision physiopathology
-- congresses.
9 (RLIN) 10880
650 #2 - SUBJECT ADDED ENTRY--TOPICAL TERM
Topical term or geographic name as entry element Urinary Incontinence
General subdivision congresses.
9 (RLIN) 10881
700 1# - ADDED ENTRY--PERSONAL NAME
Personal name Freeman, Robert M.
9 (RLIN) 10882
700 1# - ADDED ENTRY--PERSONAL NAME
Personal name Malvern, John.
9 (RLIN) 10883
906 ## - LOCAL DATA ELEMENT F, LDF (RLIN)
a 7
b cbc
c orignew
d 1
e ocip
f 19
g y-gencatlg
942 ## - ADDED ENTRY ELEMENTS (KOHA)
Source of classification or shelving scheme Other/Generic Classification Scheme
Koha item type Open Shelf
Holdings
Withdrawn status Lost status Source of classification or shelving scheme Damaged status Not for loan Home library Current library Date acquired Source of acquisition Inventory number Total Checkouts Full call number Barcode Date last seen Price effective from Koha item type
    Other/Generic Classification Scheme     MUST Main Library MUST Main Library 22/08/2016   1996/7746   WJ 500 U59 1989 2016-3814 22/08/2016 22/08/2016 Open Shelf